000 00640nam a22001937a 4500
999 _c185553
_d185553
005 20220204103908.0
010 _aENG-131394
020 _a9789354600050
_c810.00
035 _aEN-114926
037 _bDBAD
082 _a621.3121
100 _aDe, Sudipta
245 _aPower Plant Engineering/
_cSudipta De
250 _a5e Edition
260 _aUttar Pradesh
_bPearson India Education Services
_c2021
270 _a15th Flooor, Tower-B, World Trade Tower, Plot No. 1, Block-C, Sector-16
_bNoida
_e201301
_mcompanysecretary.india@pearson.com
300 _a782p.
_bIndex
_c24cm(pbk)
942 _2ddc
_cEN
_h621.3121
_mSUD